Poisonous pen of Agatha Christie (Record no. 1847389)
[ view plain ]
| 000 -LEADER | |
|---|---|
| fixed length control field | 00670nam a2200301Ia 4500 |
| 005 - DATE AND TIME OF LATEST TRANSACTION | |
| control field | 20260401122443.0 |
| 008 - FIXED-LENGTH DATA ELEMENTS--GENERAL INFORMATION | |
| fixed length control field | 008 250103s9999 xx 000 0 eng d |
| 020 ## - INTERNATIONAL STANDARD BOOK NUMBER | |
| International Standard Book Number | 9780292728646 |
| 037 ## - SOURCE OF ACQUISITION | |
| Stock number | TB |
| 040 ## - CATALOGING SOURCE | |
| Original cataloging agency | EDL |
| 040 ## - CATALOGING SOURCE | |
| Language of cataloging | eng |
| 040 ## - CATALOGING SOURCE | |
| Transcribing agency | EDL |
| 041 ## - LANGUAGE CODE | |
| Source of code | eng |
| 041 ## - LANGUAGE CODE | |
| Language code of text/sound track or separate title | eng |
| 084 ## - COLON CLASSIFICATION NUMBER | |
| Classification number | 823.912GER |
| 084 ## - COLON CLASSIFICATION NUMBER | |
| Assigning agency | EDL |
| 100 ## - MAIN ENTRY--PERSONAL NAME | |
| Personal name | Gerald, Michael C. |
| 9 (RLIN) | 1233670 |
| 245 #0 - TITLE STATEMENT | |
| Title | Poisonous pen of Agatha Christie |
| 245 #0 - TITLE STATEMENT | |
| Statement of responsibility, etc. | Gerald, Michael C. |
| 260 ## - PUBLICATION, DISTRIBUTION, ETC. | |
| Place of publication, distribution, etc. | USA |
| 260 ## - PUBLICATION, DISTRIBUTION, ETC. | |
| Name of publisher, distributor, etc. | University of Texas |
| 260 ## - PUBLICATION, DISTRIBUTION, ETC. | |
| Date of publication, distribution, etc. | 2011 |
| 300 ## - PHYSICAL DESCRIPTION | |
| Extent | 276p |
| 942 ## - ADDED ENTRY ELEMENTS (KOHA) | |
| Koha item type | Textbook |
| 942 ## - ADDED ENTRY ELEMENTS (KOHA) | |
| Classification part | 823.912GER |
| Withdrawn status | Lost status | Damaged status | Not for loan | Home library | Current library | Date acquired | Total Checkouts | Full call number | Barcode | Date last seen | Price effective from | Koha item type |
|---|---|---|---|---|---|---|---|---|---|---|---|---|
| Department of English Library | Department of English Library | 2026-04-01 | 823.912GER | EL2152821 | 2026-04-01 | 2026-04-01 | Textbook |
